logo

Bir Sreshtho Munshi Abdur Rouf Library
Jhenaidah Cadet College

Preferreds : (Record no. 7335)

MARC details
000 -LEADER
fixed length control field 00764cam a22002654a 4500
001 - CONTROL NUMBER
JCCL Control Number 7335
003 - CONTROL NUMBER IDENTIFIER
JCCL marc code BD-JhCC
005 - DATE AND TIME OF LATEST TRANSACTION
control field 20180208084427.0
008 - FIXED-LENGTH DATA ELEMENTS--GENERAL INFORMATION
fixed length control field 070131s2007 caua b 000 0 eng
020 ## - INTERNATIONAL STANDARD BOOK NUMBER
International Standard Book Number 9780979301483 (hbk. : alk. paper)
035 ## - SYSTEM CONTROL NUMBER
system control number (BD-JhCC)7335
040 ## - CATALOGING SOURCE
Original cataloging agency DLC
Transcribing agency DLC
Modifying agency DLC
-- BD-JhCC
041 ## - LANGUAGE CODE
Language code of Book eng
050 00 - LIBRARY OF CONGRESS CALL NUMBER
Classification number HG4661
Item number .W56 2007
082 00 - DEWEY DECIMAL CLASSIFICATION NUMBER
Classification number 332.63/225
DDC Edition number 22
Author mark and Year WIN 2007
100 1# - MAIN ENTRY--PERSONAL NAME
Personal name Winans, Kenneth G.
245 10 - TITLE STATEMENT
Title Preferreds :
Remainder of title Wall Street's best-kept income secret /
Statement of responsibility, etc by Kenneth G. Winans.
260 ## - PUBLICATION, DISTRIBUTION, ETC. (IMPRINT)
Place of publication, distribution, etc Novato, CA :
Name of publisher, distributor, etc KGW Pub.,
Date of publication, distribution, etc 2007.
300 ## - PHYSICAL DESCRIPTION
Pagination 208 p. :
Other physical details ill. ;
Dimensions 24 cm.
504 ## - BIBLIOGRAPHY, ETC. NOTE
Bibliography, etc Includes bibliographical references.
650 #0 - SUBJECT ADDED ENTRY--TOPICAL TERM
Topical term or geographic name as entry element Preferred stocks.
650 #0 - SUBJECT ADDED ENTRY--TOPICAL TERM
Topical term or geographic name as entry element Speculation.
942 ## - ADDED ENTRY ELEMENTS (KOHA)
Source of classification or shelving scheme Dewey Decimal Classification
Koha item type Books
Holdings
Source of classification or shelving scheme Damaged status Not for loan Home library Current library Shelving location Total Checkouts Full call number Barcode Date last seen Copy number Koha item type
Dewey Decimal Classification     JCC Rouf Library JCC Rouf Library General Stacks   332.63/225 WIN 2007 9980 02/08/2018 C - 1 Books

JCC Library | Contacts | JCC Home

Last Update on 23 September 2017
Copyright @ 2017-2020 JCC Rouf Library
Rouf Library, Jhenidah Cadet College (JCC), Bangladesh